Applied statistics : analysis of variance and regression

Αποθηκεύτηκε σε:
Λεπτομέρειες βιβλιογραφικής εγγραφής
Κύριος συγγραφέας: Mickey, Ruth M. 1954-
Άλλοι συγγραφείς: Dunn, Olive Jean, Clark, Virginia 1928-
Μορφή: Βιβλίο
Γλώσσα:English
Δημοσίευση: Hoboken, N.J. : Willey Interscience, c2004
Έκδοση:3rd ed.
Σειρά:Wiley series in probability and statistics
Θέματα:
Ετικέτες: Προσθήκη ετικέτας
Δεν υπάρχουν, Καταχωρήστε ετικέτα πρώτοι!

MARC

LEADER 00000nam a2200000 i 4500
001 1/61225
008 040916s2004 eng d
020 |a 047137038X 
035 |l 10074435 
040 |a GR-MY-UA  |b gre  |e aacr 
041 0 |a eng 
082 0 |a 519.538 
100 1 |a Mickey, Ruth M.  |d 1954- 
245 1 0 |a Applied statistics :  |b analysis of variance and regression /  |c Ruth M. Mickey, Olive Jean Dunn, Virginia A. Clark 
250 |a 3rd ed. 
260 |a Hoboken, N.J. :   |b Willey Interscience,   |c c2004 
300 |a xvii, 448 σ.;  |b εικ.;  |c 25 εκ. 
490 1 |a Wiley series in probability and statistics 
504 |a Περιέχει βιβλιογραφικές αναφορές και ευρετήριο 
650 0 0 |a Analysis of variance. 
650 0 0 |a Regression analysis. 
700 1 |a Dunn, Olive Jean. 
700 1 |a Clark, Virginia  |d 1928- 
830 0 |a Wiley series in probability and statistics 
852 |a INST  |b SAMOS  |e 20040916  |h 519.538 MIC  |p 005300023108  |q 005300023108  |t BK  |y 0 
901 |a BIBL3-2004-3 
909 |a Σ  |b 113294 
922 |a 3ΕΛΗ  |b 200409  |c ΕΠΕΑΕΚ2/ΤΜΗΜΑ ΜΑΘΗΜΑΤΙΚΩΝ  |d ΜΙΧΑΛΟΠΟΥΛΟΣ 
950 |a 116-2004-06-18 
970 |a ΚΟΣΙΕΡΗΣ  |b ΧΡΗΣΤΟΣ  |z 2004/09/21